| 000 | 00699cac a22002291u 4500 | ||
|---|---|---|---|
| 090 | _c7181 | ||
| 008 | 090108t xxu||||| |||| 00| 0 eng d | ||
| 010 | _a 93043365 | ||
| 020 | _a0131079700 | ||
| 082 | 0 | 0 |
_a658.05 _bCLI |
| 245 | 1 | 0 |
_aBusiness information systems / _cH.D. Clifton & A.G. Sutcliffe. |
| 250 | _a5th ed. | ||
| 260 |
_aNew York : _bPrentice Hall, _cc1994. |
||
| 260 | _bDistributer: Al-Ahram | ||
| 300 |
_ax, 516 p. : _bill. ; _c24 cm. |
||
| 500 | _aRev. ed. of: Business data systems. 1990. | ||
| 500 | _aIncludes index. | ||
| 650 | 0 |
_aBusiness _xData processing. |
|
| 650 | 0 | _aSystems analysis. | |
| 700 | 1 |
_aSutcliffe, Alistair, _d1951- _935126 |
|
| 942 |
_cNB _k658.05CLI _2ddc |
||
| 999 |
_c7181 _d7181 |
||